United States Army Civil War autographs, (Record no. 43362)

MARC details
000 -LEADER
fixed length control field 00998cpcaa2200265 a 4500
001 - CONTROL NUMBER
control field mm 82004025
003 - CONTROL NUMBER IDENTIFIER
control field DLC
005 - DATE AND TIME OF LATEST TRANSACTION
control field 20260227111711.0
008 - FIXED-LENGTH DATA ELEMENTS--GENERAL INFORMATION
fixed length control field 821130|||||||||||| eng
010 ## - LIBRARY OF CONGRESS CONTROL NUMBER
LC control number mm 82004025
040 ## - CATALOGING SOURCE
Original cataloging agency DLC
Transcribing agency DLC
Description conventions dacs
Modifying agency DLC
072 #7 - SUBJECT CATEGORY CODE
Subject category code W
Source lcmd
245 00 - TITLE STATEMENT
Title United States Army Civil War autographs,
Inclusive dates undated.
300 ## - PHYSICAL DESCRIPTION
Extent 39
Type of unit items.
506 0# - RESTRICTIONS ON ACCESS NOTE
Terms governing access Open to research.
520 8# - SUMMARY, ETC.
Summary, etc. Clipped signatures of Union officers.
555 ## - CUMULATIVE INDEX/FINDING AIDS NOTE
Cumulative index/finding aids note List filed with collection.
546 ## - LANGUAGE NOTE
Language note Collection material in English.
580 ## - LINKING ENTRY COMPLEXITY NOTE
Linking entry complexity note Forms part of: Miscellaneous Manuscripts collection.
610 10 - SUBJECT ADDED ENTRY--CORPORATE NAME
Corporate name or jurisdiction name as entry element United States.
Subordinate unit Army
General subdivision History
Chronological subdivision Civil War, 1861-1865
Form subdivision Autographs.
650 #0 - SUBJECT ADDED ENTRY--TOPICAL TERM
Topical term or geographic name entry element Autographs
Geographic subdivision United States
Form subdivision Collections.
651 #0 - SUBJECT ADDED ENTRY--GEOGRAPHIC NAME
Geographic name United States
General subdivision History
Chronological subdivision Civil War, 1861-1865
Form subdivision Autographs.

No items available.

Powered by Koha